00494nam a2200157Ia 450000500170000000800410001708200130005824500350007126000420010630000120014850000370016070000250019794200060022295200950022899900130032320250410081443.0240331s9999 xx 000 0 und d a200bRAM 0aRamana magararyshiyin marmakal aChennaibLite House Pathippagamc1993 a82 p ., aRamana maharishikalin patriyathu aPerumalsamy,R. eedt cL 001040708LaWERCLbWERCLcSSCd2024-03-31l0o 200 RAMp2153r2024-03-31w2024-03-31yL c778d778